Noise: an everyday problem for country folk (Record no. 65876)

MARC details
000 -LEADER
fixed length control field 00974cam a2200229 4500
001 - CONTROL NUMBER
control field ABS63490
008 - FIXED-LENGTH DATA ELEMENTS--GENERAL INFORMATION
fixed length control field 000000n2000 000 0 eng u
035 ## - SYSTEM CONTROL NUMBER
System control number (Sirsi) u110517
100 ## - MAIN ENTRY--PERSONAL NAME
Personal name Upson, J.
245 ## - TITLE STATEMENT
Title Noise: an everyday problem for country folk
260 ## - PUBLICATION, DISTRIBUTION, ETC.
Date of publication, distribution, etc. 2000
490 ## - SERIES STATEMENT
Series statement Farm Law
Volume/sequential designation (59) November 2000, 9-15(7)
520 ## - SUMMARY, ETC.
Summary, etc. Examines many of the issues surrounding noise pollution in the rural environment, including the difficulties of defining what is unreasonable and the impact of context. Observes that the flexibility of the common law, in the form of nuisance, may make it particularly suited to extending legal controls, but that litigation under the common law remains something of a lottery. Examples of case law and the statutory regulations are given.
590 ## - LOCAL NOTE (RLIN)
Local note ABS
650 ## - SUBJECT ADDED ENTRY--TOPICAL TERM
Topical term or geographic name entry element CASE LAW
650 ## - SUBJECT ADDED ENTRY--TOPICAL TERM
Topical term or geographic name entry element COMMON LAW
650 ## - SUBJECT ADDED ENTRY--TOPICAL TERM
Topical term or geographic name entry element NOISE
650 ## - SUBJECT ADDED ENTRY--TOPICAL TERM
Topical term or geographic name entry element NOISE POLLUTION
650 ## - SUBJECT ADDED ENTRY--TOPICAL TERM
Topical term or geographic name entry element NUISANCE
690 ## - LOCAL SUBJECT ADDED ENTRY--TOPICAL TERM (OCLC, RLIN)
Topical term or geographic name as entry element Rural
9 (RLIN) 6268
942 ## - ADDED ENTRY ELEMENTS (KOHA)
Suppress in OPAC 0
Holdings
Withdrawn status Lost status Source of classification or shelving scheme Damaged status Not for loan Home library Current library Shelving location Date acquired Total Checkouts Full call number Barcode Date last seen Copy number Price effective from Koha item type
    Dewey Decimal Classification     London London Journal article 25/01/2001   ABS63490 110517-1001 06/08/2019 1 06/08/2019 Journal article